000 00752nam a2200181Ia 4500
008 090124s9999 xx 000 0 und d
082 _b14918
_a3691
100 _aप्रफुल्लदत्त ( तेंडुलकर दत्तात्रय विष्णू )
245 _a रेशमी लड्या
250 _a1
260 _c1965
300 _a120
600 _aप्रफुल्लदत्त ( तेंडुलकर दत्तात्रय विष्णू )
630 _a रेशमी लड्या
700 _aप्रफुल्लदत्त ( तेंडुलकर दत्तात्रय विष्णू )
730 _a रेशमी लड्या
942 _cBOOK
999 _c128858
_d128858